000 00540nam a2200169 4500
008 160808b xxu||||| |||| 00| 0 eng d
020 _a9781259024870
050 _aHD 2753 .C3B64 2013
100 _aBuckwold, Bill.
_d2013.
245 _aCanadian income taxation planning and decision making.
250 _a2013-2014 ed.
260 _aCanada;
_bMcGraw-Hill Ryerson,
_c2013.
300 _axx, 772 p. : ill.
_bIncludes index.
650 _aTax.
700 _aKitunen, Joan.
942 _2lcc
_cBOOKS
_hHD 2753 .C3B64 2013
999 _c12770
_d12770